LEADER 01890nam a2200325 u 4500 001 000000115789 003 CaOOAMICUS 005 20121204114212.0 008 090522s2005 dcu u000 u eng r 020 $a1-56518-220-0 040 $aPUL$bita$dLDB 245 00$aMultiple paths to God :$bNostra Aetate, 40 years later /$cedited by Joh P. Hogan, George F. McLean. 246 3 $aMultiple paths to God :$bNostra Aetate, forty years later 260 $aWashington, D.C. :$bCouncil for research in values philosophy ;$a[s.l.] :$bJohn Paul II Cultural Center,$cc2005. 300 $aviii, 419 p. ;$c23 cm. 490 1 $aCultural heritage and contemporary change.$a7, Seminars on culture and values ;$v24 504 $aInclude riferimenti bibliografici. 611 24$aConcilium Vaticanum$n(2 :$d1962-1965)$tNostra aetate.$0(OLS)http://pul/subject/23416 700 1 $aHogan, John P.$0(OLS)http://pul/name/63445 700 1 $aMcLean, George F.,$cO.M.I.$0(OLS)http://pul/name/16537 830 0$aCultural heritage and contemporary change.$n7,$pSeminars on culture and values ;$v24.$0(OLS)http://pul/title/145486 850 $aPUL 852 $aPUL$W1$xDP2 Filosofia 3$y112$m100 RVP 7.24$j132683$qDDC 21$B131679$CPULBib$Z2$F131679 $H110542 $82 941 1 $a9 960 $aConcilium Vaticanum$n(2 :$d1962-1965)$tDeclaratio de ecclesiae habitudine ad religiones non-Christianas$923416 996 $6020$a1-56518-220-0$9(OLS)http://pul/number/140761 996 $6246$aMultiple paths to God :$bNostra Aetate, forty years later$9(OLS)http://pul/title/145491 996 $6245$aMultiple paths to God :$bNostra Aetate, 40 years later$9(OLS)http://pul/title/145490 996 $6260$aWashington, D.C. :$bCouncil for research in values philosophy$9(OLS)http://pul/publisher/80095 996 $6260$a[s.l.] :$bJohn Paul II Cultural Center$9(OLS)http://pul/publisher/80336 LEADER 01150nam a2200253 u 4500 001 000000143510 003 CaOOAMICUS 005 20150521163312.0 008 150521s1887 fr a u000 u fre u 040 $aPUL$bita 100 1 $aJoyau, Charles-Anatole, O.P.$0(OLS)http://pul/name/92233 245 10$aSaint Thomas d'Aquin patron des écoles catholiques:$bouvrage dedié à la jeunesse /$cpar Charles-Anatole Joyau OP. 250 $a4a ed. 260 $aLyon :$bVitte et Perrussel,$c[1887] 300 $axx, 393 p.$c23 cm 600 04$aThomas Aquinas,$cs.,$dc. 1225-1274.$0(OLS)http://pul/subject/448 600 04$aThomas Aquinas,$cs.,$dc. 1225-1274$xBiografia.$0(OLS)http://pul/subject/6683 850 $aPUL 852 $aPUL$W1$xDP1 Religione 1$y20$m639 D 28$j165654$qStampati$B165919$CPULBib$Z2$F165919 $82 941 1 $a8 960 $aTommaso d'Aquino,$cs.,$d1225-1274$9448 961 $aNota ms.: "ex legato E.mi Card. Della Volpe" 996 $6245$aSaint Thomas d'Aquin patron des écoles catholiques:$bouvrage dedié à la jeunesse$9(OLS)http://pul/title/181591 996 $6260$aLyon :$bVitte et Perrussel$9(OLS)http://pul/publisher/83416